Rihanna songs by album - Statistics

General Stats
  • This quiz has been taken 268 times
    261 since last reset
  • The average score is 59 of 117
Answer Stats
Rihanna Answer % Correct
GOOD GIRL GONE BAD (Japanese Bonus) Cry
92%
Haunted
91%
Break It Off
88%
A GIRL LIKE ME (Re-Release) Who Ya Gonna Run To
87%
Coulda Been The One
86%
Hypnotized
86%
Should I
86%
MUSIC OF THE SUN Pon De Replay
85%
Pon De Replay (Remix)
85%
GOOD GIRL GONE BAD Umbrella
84%
Diamonds
83%
Work
83%
LOUD S&M
81%
Only Girl (In The World)
80%
GOOD GIRL GONE BAD (Reloaded Bonus) Disturbia
78%
Talk That Talk
77%
What's My Name
77%
Rude Boy
76%
Unfaithful
76%
California King Bed
75%
Love On The Brain
74%
Needed Me
74%
A GIRL LIKE ME SOS (Rescue Me)
74%
Shut Up And Drive
73%
Stay
73%
Man Down
72%
We Found Love
72%
We Found Love (Extended Mix)
72%
Love The Way You Lie Part II
69%
Russian Roulette
69%
Don't Stop The Music
68%
Kiss It Better
66%
Take A Bow
66%
Where Have You Been
66%
Birthday Cake
65%
Pour It Up
63%
Te Amo
63%
Sex With Me
61%
TALK THAT TALK You Da One
61%
Good Girl Gone Bad
60%
Cheers (Drink To That)
58%
Desperado
57%
Rehab
57%
ANTI Consideration
56%
James Joint
55%
Music Of The Sun
55%
Hate That I Love You
54%
A Girl Like Me
53%
Hard
52%
Skin
52%
What Now
52%
Raining Men
50%
Woo
50%
Cockiness (Love It)
49%
If It's Lovin That You Want
49%
If It's Lovin That You Want Pt 2
49%
Higher
48%
Loveeeeeee Song
48%
Rockstar 101
47%
Right Now
46%
Breakin Dishes
45%
Complicated
45%
Love Without Tragedy/Mother Mary
45%
Nobody's Business
45%
We Ride
45%
ANTI (Deluxe) Good Night Gotham
44%
Fading
43%
Close To You
42%
UNAPOLOGETIC Phresh Out The Runway
42%
Pose
42%
Jump
41%
Photographs
40%
Farewell
39%
If I Never See Your Face Again
39%
RATED R Mad House
39%
Numb
39%
TALK THAT TALK (Deluxe) Red Lipstick
39%
G4L
38%
Wait Your Turn
38%
Drunk On Love
37%
Watch N Learn
37%
Yeah I Said It
37%
Never Ending
36%
Roc Me Out
36%
The Last Song
36%
Fire Bomb
35%
Lost In Paradise
35%
Fool In Love
34%
No Love Allowed
34%
Question Existing
34%
Sell Me Candy
34%
Stupid In Love
34%
We All Want Love
34%
UNAPOLOGETIC (Deluxe) Half Of Me
33%
Cold Case Love
32%
Push Up On Me
31%
Do Ya Thang
30%
Lemme Get That
30%
Get It Over With
29%
Say It
28%
Let Me
27%
PS (I'm Still Not Over You)
26%
That La La La
26%
You Don't Love Me (No No No)
26%
Kisses Don't Lie
25%
There's A Thug In My Life
25%
Rush
23%
Here I Go Again
22%
Selfish Girl
22%
Dem Haters
21%
Now I Know
19%
Crazy Little Thing Called Love
18%
Final Goodbye
17%
Willing To Wait
17%
A Million Miles Away
15%
The Last Time
15%
Samed Ol Mistakes
6%
No matching quizzes found
Score Distribution
Percent of People with Each Score
Percentile by Number Answered
Your Score History
You have not taken this quiz since the last reset